[Event "2021 FIDE Online Olympiad"]
[Site "Chess.com"]
[Date "2021.09.04"]
[Round "9"]
[Board "5"]
[White "Mohammad Fahad, Rahman"]
[Black "Concio, Michael Jr."]
[Result "0-1"]
[WhiteElo "2287"]
[BlackElo "2010"]
[PlyCount "132"]
[EventDate "2021.09.02"]
[EventType "team"]
[EventRounds "9"]
[EventCountry "FID"]
[WhiteTeam "Bangladesh"]
[BlackTeam "Philippines"]

1. d4  Nf6  2. c4  e6  3. Nf3  b6  4. g3  Bb7  5. Bg2  Be7  6. Nc3  Ne4  7. O-O  O-O  8. Qc2  Nxc3  9. Qxc3  d6  10. Re1  Be4  11. Nh4  Bxg2  12. Nxg2  Nd7  13. e4  e5  14. Be3  exd4  15. Bxd4  Bf6  16. Rad1  Re8  17. Nf4  Bxd4  18. Rxd4  Nc5  19. e5  Qd7  20. exd6  Rxe1+  21. Qxe1  cxd6  22. Qd1  Rd8  23. b3  Ne6  24. Re4  Nxf4  25. Rxf4  Re8  26. Rd4  Re6  27. Rd5  Qe7  28. Qd3  g6  29. Kg2  Qf6  30. a4  h5  31. h4  Qe7  32. a5  Qb7  33. axb6  axb6  34. Qf3  Re1  35. Rd3  Qc7  36. Qd5  Re6  37. b4  Re8  38. Rd4  Re6  39. Rf4  Re5  40. Qf3  Kg7  41. Rd4  b5  42. cxb5  Rxb5  43. Rf4  Qb7  44. Qxb7  Rxb7  45. Kf3  f6  46. Ke3  Kf7  47. Kd3  d5  48. Kc3  Ke6  49. Kb3  Ke5  50. Kc3  g5  51. hxg5  fxg5  52. Rf8  Rh7  53. Rg8  Kf5  54. Rd8  Ke4  55. Rg8  h4  56. gxh4  gxh4  57. Kd2  h3  58. Rg1  Kf3  59. Kd3  h2  60. Rh1  Rh4  61. Rxh2  Rxh2  62. Kd4  Rh4+  63. Kc5  d4  64. b5  d3  65. b6  d2  66. b7  Rh8   0-1

[Event "2021 FIDE Online Olympiad"]
[Site "Chess.com"]
[Date "2021.09.04"]
[Round "9"]
[Board "6"]
[White "Marticio, Jersey"]
[Black "Noshin, Anjum"]
[Result "1-0"]
[WhiteElo "1255"]
[BlackElo "1808"]
[PlyCount "59"]
[EventDate "2021.09.02"]
[EventType "team"]
[EventRounds "9"]
[EventCountry "FID"]
[WhiteTeam "Philippines"]
[BlackTeam "Bangladesh"]

1. e4  e5  2. Nf3  Nc6  3. d4  exd4  4. Nxd4  Nf6  5. Nxc6  bxc6  6. Bd3  d5  7. exd5  cxd5  8. O-O  Be7  9. c4  Bb7  10. Re1  O-O  11. Bf4  Bb4  12. Nc3  d4  13. a3  Bxc3  14. bxc3  c5  15. Bg5  h6  16. Bf4  dxc3  17. Qc2  Qd4  18. Be5  Qg4  19. Bf1  Nh5  20. Qxc3  Nf4  21. Re3  f6  22. Bxf4  Qxf4  23. Rae1  Rfd8  24. Qa5  Qd6  25. Re6  Qd4  26. h3  Qd2  27. Qc7  Bc8  28. Re8+  Rxe8  29. Rxe8+  Kh7  30. Rxc8   1-0